000 00730nam a2200253Ia 4500
003 OSt
005 20220918220634.0
006 a|||||r|||| 00| 0
007 ta
008 220917b |||||||| |||| 00| 0 eng d
024 _a146,609
037 _cTextual
040 _aARTS
_cARTS
_beng
041 _2eng
_aeng
082 _aY49.3.N7, L8
100 _aRoberts Kenneth
_9137959
245 0 _aWorking class
260 _aLondon
_bLongman
_c1978
300 _a206p.
_ccm.
490 _aAspects of modern sociology : the social structure of modern Britain ed by John Barron Mays and Maurice Craft
650 _aSOCIOLOGY
942 _hY49.3.N7, L8
_cTEXL
_2CC
999 _c269365
_d269365